[Event "Albox op"]
[Site "Albox"]
[Date "2002.07.24"]
[Round "4.3"]
[White "Lalic, Bodgan"]
[Black "Dziuba, Marcin"]
[Result "1/2-1/2"]
[WhiteElo "2540"]
[BlackElo "2454"]
[PlyCount "27"]
[EventDate "2002.07.??"]

1. d4 d5 2. c4 c6 3. Nc3 Nf6 4. e3 e6 5. Nf3 Nbd7 6. Bd3 dxc4 7. Bxc4 b5 8. Bd3
a6 9. e4 c5 10. d5 Bb7 11. O-O Qc7 12. b3 Be7 13. dxe6 fxe6 14. Qe2 1/2-1/2

[Event "Albox op"]
[Site "Albox"]
[Date "2002.07.24"]
[Round "4.4"]
[White "Perez, Rodney"]
[Black "Movsziszian, Karen"]
[Result "1-0"]
[WhiteElo "2435"]
[BlackElo "2494"]
[PlyCount "67"]
[EventDate "2002.07.??"]

1. e4 g6 2. d4 Bg7 3. Nf3 d6 4. Nc3 a6 5. Be2 b5 6. O-O Bb7 7. e5 b4 8. Nb1 Nd7
9. Bf4 Nb6 10. c3 bxc3 11. Nxc3 e6 12. Qd2 h6 13. Qc2 Ne7 14. Ne4 Nbd5 15. Bd2
O-O 16. Qb3 Rb8 17. Qa3 f5 18. exd6 fxe4 19. dxe7 Nxe7 20. Ne1 Nf5 21. Nc2 e5
22. Bc4+ Kh7 23. d5 c6 24. d6 Nxd6 25. Ne3 Nb5 26. Qa5 Qh4 27. Bb4 Nd4 28. Bxf8
Rxf8 29. Rad1 Bc8 30. Bxa6 Bg4 31. Nxg4 Qxg4 32. Kh1 Rxf2 33. Rxf2 Qxd1+ 34.
Rf1 {Ilegible} 1-0

[Event "Albox op"]
[Site "Albox"]
[Date "2002.07.24"]
[Round "4.5"]
[White "Sulypa, Alexandre"]
[Black "Rodriguez Boado, Martin"]
[Result "1-0"]
[WhiteElo "2505"]
[BlackElo "2183"]
[PlyCount "29"]
[EventDate "2002.07.??"]

1. d4 Nf6 2. c4 g6 3. Nc3 d5 4. Nf3 Bg7 5. Qd3 dxc4 6. Qxc4 O-O 7. e4 a6 8. e5
b5 9. Qd3 Nfd7 10. Be3 Nb6 11. Be2 Be6 12. Rd1 Nc6 13. Ng5 Nc4 14. h4 h6 15.
Nf3 {Ilegible} 1-0

[Event "Albox op"]
[Site "Albox"]
[Date "2002.07.24"]
[Round "4.6"]
[White "Granero Roca, Antonio"]
[Black "Komljenovic, Davor"]
[Result "0-1"]
[WhiteElo "2351"]
[BlackElo "2459"]
[PlyCount "72"]
[EventDate "2002.07.??"]

{Partida Candidata al Premio de Belleza Jaan Eslon y David Garcia Ilundain} 1.
d4 Nf6 2. Nf3 g6 3. c4 Bg7 4. Nc3 O-O 5. e4 d6 6. h3 e5 7. d5 Na6 8. Bg5 Qe8 9.
g4 Kh8 10. Rg1 Ng8 11. Nd2 f5 12. gxf5 gxf5 13. exf5 Bxf5 14. Nde4 Nf6 15. Bxf6
Bxf6 16. Qe2 Bg7 17. O-O-O Bg6 18. Bg2 Rf4 19. Kb1 Bh5 20. f3 Qe7 21. Ka1 b6
22. Bh1 Bh6 23. Rg3 Rff8 24. Qc2 Bf4 25. Rgg1 Nb4 26. Qe2 Rg8 27. c5 bxc5 28.
a3 Rxg1 29. Rxg1 a5 30. Kb1 Qf7 31. Qc4 Bg6 32. axb4 axb4 33. Ne2 Be3 34. Rd1
c6 35. Rd3 Bd4 36. Nxd6 Qxd5 0-1

[Event "Albox op"]
[Site "Albox"]
[Date "2002.07.24"]
[Round "4.7"]
[White "Saldano, Horacio"]
[Black "Moreno Tejera, Emilio"]
[Result "1/2-1/2"]
[WhiteElo "2421"]
[BlackElo "2365"]
[PlyCount "22"]
[EventDate "2002.07.??"]

1. g3 c5 2. c4 Nc6 3. Nc3 g6 4. Bg2 Bg7 5. a3 d6 6. Rb1 e6 7. b4 Nge7 8. bxc5
dxc5 9. Nf3 O-O 10. O-O b6 11. Bb2 e5 1/2-1/2

[Event "Albox op"]
[Site "Albox"]
[Date "2002.07.24"]
[Round "4.8"]
[White "Rivas Pastor, Manuel"]
[Black "Sanchez Jerez, Emilio"]
[Result "1-0"]
[WhiteElo "2417"]
[BlackElo "2072"]
[PlyCount "45"]
[EventDate "2002.07.??"]

1. d4 Nf6 2. c4 g6 3. Nc3 Bg7 4. e4 d6 5. f3 O-O 6. Bg5 c6 7. Qd2 e5 8. d5 Qa5
9. Bd3 Na6 10. Nge2 Nc5 11. Bc2 cxd5 12. cxd5 b5 13. a3 Qa6 14. h4 Na4 15. Bd3
Bd7 16. Nxa4 Qxa4 17. Nc3 Qa6 18. a4 Qb7 19. Nxb5 Nxd5 20. exd5 e4 21. Nxd6
Qxd5 22. Bxe4 Qe5 23. O-O 1-0

[Event "Albox op"]
[Site "Albox"]
[Date "2002.07.24"]
[Round "4.9"]
[White "Hernando Rodrigo, Jose M"]
[Black "Lopez Perez, Jose Joaquin"]
[Result "1-0"]
[WhiteElo "2393"]
[BlackElo "2075"]
[PlyCount "55"]
[EventDate "2002.07.??"]

1. d4 Nf6 2. c4 g6 3. Nc3 Bg7 4. e4 d6 5. Be2 O-O 6. Bg5 c5 7. d5 e6 8. Qd2
exd5 9. exd5 a6 10. a4 b6 11. Nf3 Qc7 12. O-O Nbd7 13. Ne1 Ne5 14. f4 Neg4 15.
h3 h6 16. Bh4 Ne3 17. Qxe3 Ng4 18. Qe7 Bd4+ 19. Kh1 Qb8 20. hxg4 Bxg4 21. Bxg4
Re8 22. Qd7 Ra7 23. Qc6 g5 24. Bf2 Bf6 25. a5 bxa5 26. Nd3 h5 27. Bf5 Kg7 28.
Ne4 1-0

[Event "Albox op"]
[Site "Albox"]
[Date "2002.07.24"]
[Round "4.10"]
[White "Vella Ramirez, Alfonso"]
[Black "Perez, Luis Manuel"]
[Result "0-1"]
[WhiteElo "2157"]
[BlackElo "2384"]
[PlyCount "64"]
[EventDate "2002.07.??"]

1. e4 c5 2. Nc3 Nc6 3. g3 g6 4. Bg2 Bg7 5. d3 e6 6. Be3 d6 7. Qd2 Rb8 8. Nd1 b6
9. Ne2 d5 10. exd5 exd5 11. Ndc3 Nge7 12. Bh6 O-O 13. Bxg7 Kxg7 14. d4 Be6 15.
O-O Kg8 16. Nd1 cxd4 17. Nxd4 Nxd4 18. Qxd4 Nf5 19. Qa4 Qc7 20. c3 b5 21. Qc2
d4 22. Qe4 Rfd8 23. cxd4 Rxd4 24. Qf3 Bd5 25. Qc3 Rc4 26. Qf6 Rb6 27. Qxb6 Qxb6
28. Bxd5 Rd4 29. Bg2 Rd2 30. Rb1 b4 31. b3 Qd4 32. Ra1 Qxa1 0-1

[Event "Albox op"]
[Site "Albox"]
[Date "2002.07.24"]
[Round "4.12"]
[White "Gavilan Diaz, Mario"]
[Black "Alonso Martinez, Tomas"]
[Result "1-0"]
[WhiteElo "1995"]
[BlackElo "2213"]
[PlyCount "31"]
[EventDate "2002.07.??"]

1. e4 c5 2. Nf3 g6 3. d4 cxd4 4. Nxd4 Bg7 5. Nc3 Nc6 6. Be3 Nf6 7. f3 Qb6 8.
Nf5 Qxb2 9. Nxg7+ Kf8 10. Na4 Qa3 11. c3 Qd6 12. Qxd6 exd6 13. Bh6 Ke7 14. Rd1
b6 15. g4 Bb7 16. g5 1-0

[Event "Albox op"]
[Site "Albox"]
[Date "2002.07.24"]
[Round "4.14"]
[White "Fernandez Rodriguez, Ramon"]
[Black "Garcia Loro, Marcos J"]
[Result "0-1"]
[WhiteElo "2025"]
[BlackElo "2096"]
[PlyCount "50"]
[EventDate "2002.07.??"]

1. e4 Nf6 2. e5 Nd5 3. d4 d6 4. Nf3 Bg4 5. Be2 Nc6 6. exd6 exd6 7. O-O Be7 8.
c4 Nb6 9. d5 Bxf3 10. Bxf3 Ne5 11. b3 Bf6 12. Nc3 Nexc4 13. bxc4 Bxc3 14. Rb1
O-O 15. Qd3 Qf6 16. Be4 h6 17. Be3 Rfe8 18. g3 Bb2 19. Bg2 a5 20. Qc2 Bd4 21.
Bxd4 Qxd4 22. Rfc1 Re7 23. c5 dxc5 24. Qxc5 Re1+ 25. Bf1 Qxc5 0-1

[Event "Albox op"]
[Site "Albox"]
[Date "2002.07.24"]
[Round "5.1"]
[White "Rustemov, Alexander"]
[Black "Suba, Mihai"]
[Result "1/2-1/2"]
[WhiteElo "2598"]
[BlackElo "2507"]
[PlyCount "53"]
[EventDate "2002.07.??"]

1. d4 Nf6 2. Nf3 e6 3. c4 c5 4. d5 d6 5. Nc3 exd5 6. cxd5 g6 7. e4 a6 8. h3 b5
9. Bd3 Bg7 10. O-O O-O 11. a3 Nbd7 12. Bf4 c4 13. Bxd6 cxd3 14. Bxf8 Qxf8 15.
Qxd3 Bb7 16. Rae1 Rd8 17. Nd2 Nb6 18. f4 Qc5+ 19. Kh2 Nfd7 20. Rc1 Qd6 21. e5
Nxe5 22. fxe5 Bxe5+ 23. Kh1 Nxd5 24. Nf3 Bxc3 25. bxc3 Qxa3 26. Ne5 f5 27. Qg3
1/2-1/2

[Event "Albox op"]
[Site "Albox"]
[Date "2002.07.24"]
[Round "5.2"]
[White "Lalic, Bodgan"]
[Black "Perez, Rodney"]
[Result "1/2-1/2"]
[WhiteElo "2540"]
[BlackElo "2435"]
[PlyCount "43"]
[EventDate "2002.07.??"]

1. d4 d5 2. c4 c6 3. Nc3 Nf6 4. e3 a6 5. Qc2 g6 6. Bd3 Bg7 7. Nf3 O-O 8. Bd2
Bg4 9. Ne5 Be6 10. cxd5 Nxd5 11. Na4 Nd7 12. Nxd7 Bxd7 13. f4 f5 14. O-O b6 15.
Nc3 Be6 16. Nxd5 Bxd5 17. Bc4 Bxc4 18. Qxc4+ Qd5 19. Rac1 Rfc8 20. Rc2 Qxc4 21.
Rxc4 c5 22. dxc5 1/2-1/2

[Event "Albox op"]
[Site "Albox"]
[Date "2002.07.24"]
[Round "5.3"]
[White "Hernando Rodrigo, Jose M"]
[Black "Sulypa, Alexandre"]
[Result "1/2-1/2"]
[WhiteElo "2393"]
[BlackElo "2507"]
[PlyCount "82"]
[EventDate "2002.07.??"]

1. d4 Nf6 2. c4 e6 3. Nf3 b6 4. a3 Ba6 5. Qc2 c5 6. d5 exd5 7. cxd5 g6 8. Nc3
Bg7 9. g3 O-O 10. Bg2 d6 11. O-O b5 12. b4 Nbd7 13. Rb1 Rc8 14. Qa2 Nb6 15. Bd2
Re8 16. Rfc1 Qd7 17. Ne1 h6 18. Nd3 c4 19. Ne1 Qf5 20. Qc2 Qh5 21. e4 g5 22.
Nf3 Ng4 23. h3 Ne5 24. Nd4 g4 25. Nce2 gxh3 26. Nf4 h2+ 27. Kh1 Qg5 28. Nfe6
Qg6 29. Nxg7 Kxg7 30. Nf5+ Kh7 31. Bc3 Nd3 32. Bh3 Rxe4 33. Nxd6 Qxd6 34. Bf5+
Kg8 35. Bxe4 Bb7 36. Kxh2 Nxd5 37. Bxd3 Nxc3 38. Bh7+ Kg7 39. Rb2 Na4 40. Be4
Rc7 41. Bxb7 Rxb7 1/2-1/2

[Event "Albox op"]
[Site "Albox"]
[Date "2002.07.24"]
[Round "5.4"]
[White "Komljenovic, Davor"]
[Black "Ibarra Jerez, Jose Carlos"]
[Result "1/2-1/2"]
[WhiteElo "2459"]
[BlackElo "2368"]
[PlyCount "144"]
[EventDate "2002.07.??"]

1. d4 Nf6 2. Nf3 g6 3. c4 Bg7 4. g3 d6 5. Bg2 O-O 6. O-O c5 7. d5 Na6 8. Nc3
Nc7 9. e4 Bg4 10. h3 Bxf3 11. Qxf3 e6 12. e5 dxe5 13. d6 Qxd6 14. Qxb7 e4 15.
Bf4 e5 16. Rad1 Qe6 17. Bg5 Rfc8 18. b3 h6 19. Bxf6 Bxf6 20. Qxe4 Rab8 21. Qe3
Bg5 22. Qxc5 Nb5 23. Qb4 Be7 24. Qa5 Nxc3 25. Qxc3 Bc5 26. Kh2 Bd4 27. Qd2 Kh7
28. Bd5 Qe7 29. f4 f6 30. Qe2 Qc5 31. f5 g5 32. Qh5 Qf8 33. Qg6+ Kh8 34. h4 Qg7
35. hxg5 hxg5 36. Kg2 Qxg6 37. fxg6 Kg7 38. Be4 Rf8 39. Bf5 Rh8 40. Rh1 a5 41.
Rxh8 Rxh8 42. Rh1 Rxh1 43. Kxh1 g4 44. Kg2 Bc5 45. Kf1 Kh6 46. Ke2 Bd4 47. a3
Bc5 48. Kd3 Bxa3 49. Ke4 Bb4 50. Kd5 Be1 51. Ke6 Kg7 52. Bxg4 e4 53. Kf5 Bxg3
54. c5 e3 55. c6 Be5 56. Bh5 Kh6 57. Be2 Kg7 58. Bd3 Bh2 59. Ke6 Bb8 60. Kf5
Be5 61. Bc4 Bh2 62. Be2 Be5 63. Bd3 Bh2 64. Ke4 Kxg6 65. Kxe3+ Kf7 66. Kd4 Ke7
67. Kc5 Kd8 68. Kb6 Bc7+ 69. Kb7 Be5 70. Bf5 Bf4 71. Kb6 Bc7+ 72. Kb7 Be5
1/2-1/2

[Event "Albox op"]
[Site "Albox"]
[Date "2002.07.24"]
[Round "5.5"]
[White "Dziuba, Marcin"]
[Black "Amate Tortosa, Bernardo"]
[Result "1-0"]
[WhiteElo "2454"]
[BlackElo "2246"]
[PlyCount "165"]
[EventDate "2002.07.??"]

1. d4 Nf6 2. c4 g6 3. Nc3 Bg7 4. e4 d6 5. h3 O-O 6. Nf3 e5 7. d5 a5 8. Bg5 h6
9. Be3 Na6 10. g4 Nc5 11. Nd2 Re8 12. Be2 Nh7 13. Nb3 Nxb3 14. axb3 Bd7 15. Qd2
Qh4 16. c5 dxc5 17. Bxc5 b6 18. Be3 Red8 19. Qc2 Bf8 20. Nb5 Bxb5 21. Bxb5 Bd6
22. Kf1 Rf8 23. Kg2 Kh8 24. Bd3 Rg8 25. f3 Qf6 26. h4 Kg7 27. Qc6 Rad8 28. Rag1
g5 29. h5 Qe7 30. Qc2 Nf8 31. Bb5 Nd7 32. Bxd7 Qxd7 33. Ra1 Rge8 34. Rhc1 Qb5
35. Qc4 Qd7 36. Kf2 Qe7 37. Qb5 f6 38. Ke2 Rf8 39. Rc6 Rf7 40. Ra4 Rd7 41. Qa6
Rf8 42. Rac4 Kh7 43. Qb7 Rfd8 44. Rc1 Kg7 45. Kd3 Rf8 46. Ke2 Rfd8 47. Qa6 Kh7
48. R1c4 Kg7 49. Bd2 Qe8 50. Qb5 Ra8 51. Be3 Rad8 52. Ra4 Qf7 53. Rac4 Qe7 54.
Kd3 Kf7 55. Kc2 Kg7 56. Kb1 Kf7 57. Bd2 Ra8 58. Ra4 Rad8 59. b4 axb4 60. Bxb4
Bxb4 61. Rxb4 Ra8 62. Rbc4 Ra5 63. Qb3 Kg7 64. Re6 Qd8 65. Rec6 Ra7 66. Ra4 Qa8
67. Rxa7 Qxa7 68. Qb5 Rf7 69. Rc4 Qa8 70. Ra4 Qd8 71. Kc2 Qd6 72. Rc4 Rd7 73.
Kb3 Kf7 74. Rc6 Qe7 75. Qa6 Qd8 76. Qb7 Kg7 77. Kc4 Kf7 78. Kb5 Kg7 79. Ka6 Kf7
80. Ka7 Kg7 81. Qb8 Qe7 82. Kb7 Rd8 83. Rxc7 1-0

[Event "Albox op"]
[Site "Albox"]
[Date "2002.07.24"]
[Round "5.6"]
[White "Perez, Luis Manuel"]
[Black "Rivas Pastor, Manuel"]
[Result "1/2-1/2"]
[WhiteElo "2384"]
[BlackElo "2417"]
[PlyCount "44"]
[EventDate "2002.07.??"]

1. e4 e5 2. Nf3 Nc6 3. d4 exd4 4. Nxd4 Bc5 5. Be3 Bxd4 6. Bxd4 Nf6 7. Nc3 O-O
8. Bxf6 Qxf6 9. Bd3 d6 10. O-O Be6 11. f4 Qd4+ 12. Kh1 f5 13. Qh5 g6 14. Qf3
Rae8 15. Rad1 fxe4 16. Bxe4 Qc5 17. Qg3 Bf5 18. Bd5+ Kg7 19. Bb3 Re3 20. Qf2
Rfe8 21. Nd5 Re2 22. Qh4 Be4 1/2-1/2

[Event "Albox op"]
[Site "Albox"]
[Date "2002.07.24"]
[Round "5.7"]
[White "Gavilan Diaz, Mario"]
[Black "Perez Candelario, Manuel"]
[Result "0-1"]
[WhiteElo "1995"]
[BlackElo "2408"]
[PlyCount "42"]
[EventDate "2002.07.??"]

1. e4 c5 2. Nf3 e6 3. d4 cxd4 4. Nxd4 a6 5. Nc3 b5 6. a3 Bb7 7. Bd3 Qb6 8. Nb3
Qc7 9. O-O d6 10. Be3 Nf6 11. f4 Nc6 12. Qf3 Be7 13. Rae1 g6 14. Qh3 h5 15. Be2
b4 16. axb4 Nxb4 17. Bf3 Nxc2 18. Rc1 Nxe3 19. Nd5 Qd8 20. Nxf6+ Bxf6 21. e5
Nd5 0-1

[Event "Albox op"]
[Site "Albox"]
[Date "2002.07.24"]
[Round "5.8"]
[White "Garcia Loro, Marcos J"]
[Black "Saldano, Horacio"]
[Result "0-1"]
[WhiteElo "2096"]
[BlackElo "2421"]
[PlyCount "108"]
[EventDate "2002.07.??"]

1. b3 Nf6 2. Bb2 g6 3. e3 Bg7 4. Nf3 d6 5. d4 O-O 6. c4 c6 7. Bd3 Re8 8. Qc2
Qc7 9. O-O e5 10. Nbd2 Bg4 11. Ng5 Na6 12. a3 h6 13. Nge4 Nxe4 14. Nxe4 f5 15.
Nc3 e4 16. Be2 Bxe2 17. Nxe2 Qf7 18. Rad1 d5 19. cxd5 cxd5 20. b4 Nc7 21. Rc1
Ne6 22. Qb3 Rad8 23. b5 g5 24. f3 exf3 25. Rxf3 Qg6 26. Qd3 Nf8 27. Ng3 f4 28.
exf4 Qxd3 29. Rxd3 gxf4 30. Nf5 Re2 31. Nxg7 Kxg7 32. Rc7+ Rd7 33. Rxd7+ Nxd7
34. Bc3 Kg6 35. g3 Nf6 36. gxf4 Kf5 37. Bb4 Ne4 38. Rh3 Kg6 39. f5+ Kxf5 40.
Rxh6 Ng5 41. Kf1 Rc2 42. Bc5 b6 43. Bxb6 axb6 44. Rxb6 Rxh2 45. a4 Ra2 46. Ra6
Nf3 47. b6 Ke4 48. Ra8 Nd2+ 49. Ke1 Rb2 50. a5 Kxd4 51. Ra7 Nc4 52. b7 Ne3 53.
a6 Kd3 54. Ra8 Re2# 0-1

[Event "Albox op"]
[Site "Albox"]
[Date "2002.07.24"]
[Round "5.9"]
[White "Moreno Tejera, Emilio"]
[Black "Gomez Gomez, Salvador"]
[Result "1/2-1/2"]
[WhiteElo "2365"]
[BlackElo "2186"]
[PlyCount "151"]
[EventDate "2002.07.??"]

1. e4 e6 2. d4 d5 3. Nd2 c5 4. exd5 exd5 5. Ngf3 Nf6 6. Bb5+ Bd7 7. Bxd7+ Nbxd7
8. O-O Be7 9. dxc5 Nxc5 10. Nb3 O-O 11. Be3 Ne6 12. Nfd4 Bd6 13. Re1 Re8 14.
Qf3 Rc8 15. c3 Bb8 16. Nf5 Qc7 17. g3 Ne4 18. Rad1 Rcd8 19. Bc1 a6 20. Ne3 N6g5
21. Qg4 Ba7 22. Nd4 h5 23. Qxh5 g6 24. Qg4 f5 25. Nexf5 gxf5 26. Qxf5 Qf7 27.
Qxf7+ Kxf7 28. Kg2 Ne6 29. Be3 Nxd4 30. Bxd4 Bxd4 31. Rxd4 Nf6 32. Rxe8 Rxe8
33. Rd2 Re1 34. f3 b5 35. Kf2 Rh1 36. Ke3 Ke6 37. Kf4 a5 38. a3 Re1 39. g4 Nd7
40. h4 Ne5 41. h5 Rf1 42. Kg3 Rxf3+ 43. Kh4 Rf4 44. Rg2 Kf6 45. Kh3 Kg5 46. Rd2
Rf3+ 47. Kg2 Rd3 48. Re2 Nxg4 49. Re6 Kxh5 50. Rb6 Rd2+ 51. Kf3 Ne5+ 52. Kf4
Ng6+ 53. Ke3 Rxb2 54. Rd6 Ne7 55. Rd7 Nf5+ 56. Kd3 d4 57. cxd4 Rb3+ 58. Ke4 Kg4
59. Rd8 Re3+ 60. Kd5 Rxa3 61. Kc5 b4 62. d5 Kf4 63. d6 Nxd6 64. Rxd6 Ke3 65.
Rh6 Rc3+ 66. Kb5 b3 67. Rh2 Kd3 68. Rb2 Kd4 69. Kxa5 Kc4 70. Ka4 Rh3 71. Rb1
Rc3 72. Ka3 Rh3 73. Rc1+ Kd4 74. Rb1 Kc4 75. Rc1+ Rc3 76. Rb1 1/2-1/2

[Event "Albox op"]
[Site "Albox"]
[Date "2002.07.24"]
[Round "5.10"]
[White "Movsziszian, Karen"]
[Black "Lopez Perez, Jose Joaquin"]
[Result "1-0"]
[WhiteElo "2494"]
[BlackElo "2075"]
[PlyCount "60"]
[EventDate "2002.07.??"]

1. d4 Nf6 2. c4 g6 3. Nc3 Bg7 4. e4 d6 5. f3 O-O 6. Be3 e5 7. d5 Nh5 8. Qd2 f5
9. O-O-O Nd7 10. Bd3 Nc5 11. Bc2 a6 12. b4 Nd7 13. Kb1 b5 14. cxb5 axb5 15.
Nxb5 Nb6 16. Qc3 Rf7 17. Ne2 Nf6 18. h3 Ba6 19. a4 fxe4 20. fxe4 Nxe4 21. Bxe4
Nxa4 22. Qc6 Qb8 23. Nec3 Nxc3+ 24. Nxc3 Qxb4+ 25. Kc2 Bb7 26. Rb1 Qxb1+ 27.
Rxb1 Bxc6 28. dxc6 Kf8 29. Bd5 Re7 30. Bg5 Ree8 1-0

[Event "Albox op"]
[Site "Albox"]
[Date "2002.07.24"]
[Round "5.11"]
[White "Garcia Mendoza, Francisco"]
[Black "Granero Roca, Antonio"]
[Result "0-1"]
[WhiteElo "1912"]
[BlackElo "2351"]
[PlyCount "68"]
[EventDate "2002.07.??"]

1. e4 c5 2. Nf3 e6 3. d4 cxd4 4. Nxd4 Qb6 5. Nb3 Nf6 6. Nc3 Nc6 7. Bd3 a6 8.
Be3 Qc7 9. f4 d6 10. a4 b6 11. O-O Be7 12. Qe1 Bb7 13. Qf2 Nd7 14. Rad1 Nb4 15.
Rfe1 O-O 16. Bf1 Rac8 17. g3 Rfd8 18. Bg2 Nc5 19. Nxc5 bxc5 20. Nb1 Ba8 21. c3
Nc6 22. b4 Nb8 23. Na3 Nd7 24. Rb1 Nf6 25. Bd2 d5 26. e5 Ne4 27. Bxe4 dxe4 28.
b5 Rd3 29. Nc4 e3 30. Bxe3 Rxc3 31. Rec1 Qb7 32. Kf1 Rxc1+ 33. Bxc1 Qh1+ 34.
Qg1 Qf3+ 0-1

[Event "Albox op"]
[Site "Albox"]
[Date "2002.07.24"]
[Round "5.12"]
[White "Moya Hernandez, Alvaro"]
[Black "Jimenez Villena, Francisco J"]
[Result "0-1"]
[WhiteElo "1836"]
[BlackElo "2219"]
[PlyCount "92"]
[EventDate "2002.07.??"]

1. d4 d5 2. c4 e6 3. Nc3 c5 4. cxd5 exd5 5. Nf3 Nc6 6. e3 Nf6 7. Be2 Bd6 8. O-O
O-O 9. a3 c4 10. b3 cxb3 11. Qxb3 a6 12. a4 Re8 13. Ba3 Bc7 14. Rfc1 Rb8 15.
Qc2 Bg4 16. Rab1 Ne4 17. h3 Bh5 18. Nxe4 Rxe4 19. Re1 Ba5 20. Red1 Rc8 21. Qb2
Rc7 22. Nh2 Bc3 23. Qa2 Bxe2 24. Qxe2 Bxd4 25. Qd2 Bf6 26. Bc5 Rd7 27. Bb6 Qe7
28. Qc2 Rc4 29. Qf5 g6 30. Qd3 Rxa4 31. Nf3 Rb4 32. Rxb4 Qxb4 33. Rb1 Qe4 34.
Qb3 h5 35. Rc1 Qb4 36. Qxb4 Nxb4 37. Bd4 Kg7 38. Kf1 Nc6 39. Bxf6+ Kxf6 40. Rb1
Ke6 41. Ke2 Kd6 42. Kd3 b5 43. Ra1 Kc5 44. Kc3 a5 45. Kb3 a4+ 46. Kc3 d4+ 0-1

[Event "Albox op"]
[Site "Albox"]
[Date "2002.07.24"]
[Round "5.13"]
[White "Rodriguez Boado, Martin"]
[Black "Agullo Sanchez, Vicente"]
[Result "1-0"]
[WhiteElo "2183"]
[BlackElo "1891"]
[PlyCount "151"]
[EventDate "2002.07.??"]

1. e4 e6 2. d4 d5 3. e5 a6 4. f4 Bd7 5. Nf3 Ne7 6. a3 Bb5 7. Bxb5+ axb5 8. b4
h5 9. c3 Nf5 10. a4 bxa4 11. Rxa4 Nd7 12. Na3 c6 13. Bd2 Be7 14. O-O O-O 15.
Rxa8 Qxa8 16. Qb3 Qa7 17. Ra1 Ra8 18. Nc2 Qb8 19. Ra3 Nb6 20. Qa2 Rxa3 21. Qxa3
Qa8 22. h3 Qxa3 23. Nxa3 h4 24. Kf2 Ng3 25. Be1 Kh7 26. Ke3 Nf5+ 27. Kd3 Kg6
28. Bf2 Na4 29. Nd2 Kh5 30. Be3 Nb2+ 31. Ke2 Ng3+ 32. Kf3 Nd1 33. Nab1 b6 34.
Bf2 Nxf2 35. Kxf2 c5 36. dxc5 bxc5 37. b5 c4 38. Kf3 Bc5 39. Nxc4 dxc4 40. Nd2
Nf5 41. Nxc4 Ne7 42. Nd6 Bg1 43. c4 f6 44. Ne4 Kg6 45. Nd6 f5 46. Ke2 Bh2 47.
Ke3 Kh5 48. Nf7 Nc8 49. Kf3 Bg1 50. Ng5 Nb6 51. Nxe6 Nxc4 52. Nxg7+ Kg6 53. Ne8
Kf7 54. Nf6 Nb6 55. g4 hxg3 56. Kxg3 Be3 57. Kf3 Bd2 58. h4 Be1 59. h5 Ba5 60.
Ke2 Na4 61. Nd5 Bd8 62. Ke3 Nb6 63. Kd4 Nd7 64. Ne3 Bb6+ 65. Kd3 Nc5+ 66. Kc4
Ne6 67. Nd5 Ba7 68. Kb4 Kg7 69. Ka5 Kh6 70. b6 Bb8 71. Ka6 Nxf4 72. Nc7 Nd5 73.
Kb7 Bxc7 74. bxc7 Nxc7 75. Kxc7 f4 76. e6 1-0

[Event "Albox op"]
[Site "Albox"]
[Date "2002.07.25"]
[Round "6.1"]
[White "Perez, Rodney"]
[Black "Rustemov, Alexander"]
[Result "0-1"]
[WhiteElo "2435"]
[BlackElo "2598"]
[PlyCount "38"]
[EventDate "2002.07.??"]

{Partida Candidata al Premio de Belleza Jaan Eslon y David Garcia Ilundain} 1.
e4 e6 2. d4 d5 3. Nc3 Bb4 4. Nge2 Nf6 5. e5 Nfd7 6. Qd3 O-O 7. a3 Be7 8. Qg3
Kh8 9. Be3 c5 10. O-O-O Nc6 11. f4 b5 12. Nxb5 Rb8 13. Nec3 c4 14. Be2 f5 15.
Qf2 Qa5 16. Nd6 Ba6 17. Qe1 Bxd6 18. exd6 Nf6 19. Bf3 Qb6 0-1

[Event "Albox op"]
[Site "Albox"]
[Date "2002.07.25"]
[Round "6.2"]
[White "Suba, Mihai"]
[Black "Dziuba, Marcin"]
[Result "1/2-1/2"]
[WhiteElo "2507"]
[BlackElo "2454"]
[PlyCount "28"]
[EventDate "2002.07.??"]

1. c4 e6 2. Nc3 d5 3. d4 c6 4. e3 Nf6 5. Nf3 Nbd7 6. Be2 dxc4 7. a4 c5 8. Bxc4
cxd4 9. exd4 Nb6 10. Bb3 a5 11. O-O Be7 12. Ne5 O-O 13. Re1 Bd7 14. Qf3 Be8 {
Ilegible} 1/2-1/2

[Event "Albox op"]
[Site "Albox"]
[Date "2002.07.25"]
[Round "6.4"]
[White "Ibarra Jerez, Jose Carlos"]
[Black "Lalic, Bodgan"]
[Result "0-1"]
[WhiteElo "2368"]
[BlackElo "2540"]
[PlyCount "54"]
[EventDate "2002.07.??"]

1. e4 c6 2. Nc3 d5 3. Nf3 Bg4 4. h3 Bxf3 5. Qxf3 e6 6. g3 Nf6 7. Bg2 Nbd7 8.
O-O Bb4 9. g4 O-O 10. d3 Bxc3 11. bxc3 Qa5 12. exd5 Qxc3 13. Rb1 Nxd5 14. Rb3
Qxc2 15. Ba3 c5 16. Rc1 Qd2 17. Rxb7 Ne5 18. Qd1 Qxd3 19. Bxc5 Rfd8 20. Rxa7
Rac8 21. Ba3 Rxc1 22. Qxc1 h6 23. Bb2 Nf3+ 24. Kh1 Qe2 25. Qf1 Qxb2 26. Bxf3
Rc8 27. Qe2 Rc1+ 0-1

[Event "Albox op"]
[Site "Albox"]
[Date "2002.07.25"]
[Round "6.5"]
[White "Sulypa, Alexandre"]
[Black "Perez, Luis Manuel"]
[Result "1/2-1/2"]
[WhiteElo "2505"]
[BlackElo "2384"]
[PlyCount "44"]
[EventDate "2002.07.??"]

1. d4 d5 2. c4 c6 3. Nf3 Nf6 4. Nc3 dxc4 5. a4 Bf5 6. Nh4 Bc8 7. e3 e5 8. Bxc4
exd4 9. exd4 Be7 10. O-O O-O 11. Re1 Nd5 12. Nf3 Be6 13. Qb3 Qb6 14. Nxd5 cxd5
15. Bxd5 Qxb3 16. Bxb3 Bxb3 17. Rxe7 Bd5 18. Be3 Nc6 19. Rxb7 Nxd4 20. Rd7
Nxf3+ 21. gxf3 Be6 22. Rc7 Rfe8 1/2-1/2

[Event "Albox op"]
[Site "Albox"]
[Date "2002.07.25"]
[Round "6.6"]
[White "Rivas Pastor, Manuel"]
[Black "Komljenovic, Davor"]
[Result "1/2-1/2"]
[WhiteElo "2417"]
[BlackElo "2459"]
[PlyCount "21"]
[EventDate "2002.07.??"]

1. d4 d5 2. c4 e6 3. Nc3 c6 4. e3 f5 5. f4 Nf6 6. Nf3 Bd6 7. Be2 O-O 8. O-O b6
9. b3 Bb7 10. Bb2 Nbd7 11. Rc1 1/2-1/2

[Event "Albox op"]
[Site "Albox"]
[Date "2002.07.25"]
[Round "6.7"]
[White "Granero Roca, Antonio"]
[Black "Hernando Rodrigo, Jose M"]
[Result "1/2-1/2"]
[WhiteElo "2351"]
[BlackElo "2393"]
[PlyCount "88"]
[EventDate "2002.07.??"]

1. d4 Nf6 2. c4 c5 3. d5 b5 4. cxb5 a6 5. b6 e6 6. Nc3 Nxd5 7. Nxd5 exd5 8.
Qxd5 Nc6 9. e4 Be7 10. Bc4 O-O 11. Nf3 Qxb6 12. O-O d6 13. Qh5 Be6 14. Bxe6
fxe6 15. Bg5 Bf6 16. Rad1 Nd4 17. Bxf6 Rxf6 18. Nxd4 cxd4 19. Qe2 Rc8 20. e5
dxe5 21. Qxe5 Qxb2 22. Qxd4 Qxa2 23. Ra1 Qd5 24. Qe3 a5 25. Rfd1 Qh5 26. Qb6
Rcf8 27. Rd2 Rh6 28. Qc7 e5 29. h3 Rg6 30. Qd7 h6 31. Rxa5 Kh7 32. Ra3 Rf3 33.
Rxf3 Qxf3 34. g3 e4 35. Qd5 Rg5 36. Qb7 Ra5 37. Qb1 Qf5 38. Rc2 Ra4 39. Rc3 Rd4
40. Kg2 h5 41. h4 Qd5 42. Qb8 Qf5 43. Qb2 Rd3 44. Qc2 Rd4 1/2-1/2

[Event "Albox op"]
[Site "Albox"]
[Date "2002.07.25"]
[Round "6.8"]
[White "Gomez Gomez, Salvador"]
[Black "Movsziszian, Karen"]
[Result "0-1"]
[WhiteElo "2186"]
[BlackElo "2494"]
[PlyCount "39"]
[EventDate "2002.07.??"]

1. e4 g6 2. d4 Bg7 3. f4 d6 4. Nf3 c5 5. c3 cxd4 6. cxd4 Bg4 7. Bb5+ Nc6 8. Qa4
Bxf3 9. gxf3 Kf8 10. e5 Qb6 11. Bxc6 bxc6 12. Nc3 Nh6 13. Rb1 Nf5 14. Ne2 c5
15. dxc5 Qxc5 16. Qe4 Rd8 17. b4 Qb5 18. a4 Qb8 19. O-O dxe5 20. b5 {Ilegible}
0-1